Largest Cities in Ohio with Exceptions - Statistics

General Stats
  • This quiz has been taken 33 times
  • The average score is 5 of 15
Answer Stats
Population City/Town % Correct
56,163 Kettering
59%
32,149 Massillon
56%
49,652 Cuyahoga Falls
52%
46,238 Cleveland Heights
48%
36,120 Westerville
44%
48,920 Euclid
37%
33,248 Gahanna
37%
44,750 Strongsville
33%
32,718 North Olmsted
30%
33,771 Upper Arlington
30%
45,193 Beavercreek
26%
35,893 Reynoldsburg
26%
30,444 North Royalton
22%
38,101 Huber Heights
15%
29,465 North Ridgeville
15%
No matching quizzes found
Score Distribution
Percent of People with Each Score
Percentile by Number Answered
Your Score History
You have not taken this quiz